Famous Celebrites #1 - Statistics

General Stats
  • This quiz has been taken 233 times
  • The average score is 3 of 16
Answer Stats
Picture Answer % Correct
Barrack Obama
96%
Tom Cruise
74%
Harry Styles
72%
Keir Starmer
9%
Andrew Lloyd Webber
5%
Chris Evans
4%
Jonjo Shelvey
4%
Roald Dahl
4%
James Donaldson
2%
Domenico Berardi
1%
Anouk Aimee
0%
Caylus Cunningham
0%
Deddy Corbuzier
0%
Ken Wanatabe
0%
Ryan Allsop
0%
Trudie Styler
0%
No matching quizzes found
Score Distribution
Percent of People with Each Score
Percentile by Number Answered
Your Score History
You have not taken this quiz